Les centres bus du réseau RATP - Statistiques

Statistiques générales
  • Ce quiz a été pris 6 fois
  • Le résultat moyen est 11 sur 30
Statistiques - réponses
Département Réseau Réponse % Correct
Hauts-de-Seine (92) Défense - Saint-Cloud Nanterre
83%
Paris (75) Rive Droite Belliard
67%
Val de Marne (94) Seine Grand Orly Ivry
67%
Hauts-de-Seine (92) Boucles Nord de Seine Asnières
50%
Val de Marne (94) Pompadour Créteil
50%
Seine-Saint-Denis (93) Ourcq Flandre
50%
Paris (75) Rive Droite Lagny
50%
Hauts-de-Seine (92) Rive Gauche Malakoff
50%
Paris (75) Défense - Saint-Cloud Point du Jour
50%
Val de Marne (94) Bord de Marne Saint-Maur
50%
Val de Marne (94) Pompadour Thiais
50%
Seine-Saint-Denis (93) Plaine Saint-Denis Aubervilliers
33%
Hauts-de-Seine (92) Défense - Saint-Cloud Charlebourg
33%
Paris (75) Rive Gauche Corentin
33%
Hauts-de-Seine (92) Croix du Sud Fontenay
33%
Paris (75) Rive Gauche Lebrun
33%
Seine-Saint-Denis (93) Rive Droite Les Lilas
33%
Seine-Saint-Denis (93) Ourcq Les Pavillons
33%
Essonne (91) Massy - Juvisy Massy
33%
Seine-Saint-Denis (93) Boucles Nord de Seine Pleyel
33%
Val de Marne (94) Seine Grand Orly Vitry
33%
Seine-et-Marne (77) Marne et Brie Bussy
17%
Paris (75) Rive Gauche Croix-Nivert
17%
Seine-Saint-Denis (93) Bord de Marne Frères Lumière
17%
Val d'Oise (95) Express Roissy Le-Mesnil-Amelot
17%
Essonne (91) Massy - Juvisy Morangis
17%
Seine-Saint-Denis (93) Bord de Marne Neuilly-Plaisance
17%
Val d'Oise (95) Plaine Saint-Denis Villiers-le-Bel
17%
Seine-Saint-Denis (93) Plaine Saint-Denis Gonesse
0%
Hauts-de-Seine (92) Défense - Saint-Cloud Les Guilleraies
0%
Aucun quiz correspondant
Distribution des résultats
% des personnes avec chaque résultat
Percentile par nombre de réponses
Votre historique - résultats
Vous n’avez pas pris ce quiz